| 000 | 00582ntaaa2200193 4500 | ||
|---|---|---|---|
| 003 | 01 | ||
| 005 | 20251027202949.0 | ||
| 008 | 0714s1973 ag 01 | ||
| 040 |
_aAR-BaBN _bspa _cAR-BaBN _eaacr _dRIC |
||
| 082 | _a952.0000 L33 | ||
| 100 |
_aLasalle, P. Hugo _930468 |
||
| 245 | _aHiroshima | ||
| 250 | _a1 ed. | ||
| 260 |
_aBuenos Aires : _bTalleres Gráficos de la Cía. Impresora Argentina, _c1948 |
||
| 300 | _a89 p | ||
| 500 | _aRelato de la destrucción de la ciudad de Hiroshima, Japón, por la bombe atómica.El autor es misionero | ||
| 650 |
_aJapón _920680 |
||
| 942 | _cBK | ||
| 999 |
_c24979 _d24979 |
||